00315nam a2200133Ia 4500008004100000041000800041082001700049100001500066245002600081260002300107300000800130365001600138700002700154230718s9999 xx 000 0 und d aeng a005.678bWAT aWatrall E. aHead First Web Design c2009bO'reilly SPD a463 cRs.b400.00 aWatrall E. & Siarto J.